Instrumentos del cuadro de distribución (Record no. 123041)

MARC details
000 -LEADER
campo de control de longitud fija 00631nam a2200181 4500
001 - NÚMERO DE CONTROL
campo de control 123041
003 - IDENTIFICADOR DE NÚMERO DE CONTROL
campo de control ES-MaACL
005 - FECHA Y HORA DE LA ÚLTIMA TRANSACCIÓN
campo de control 20230906192111.0
007 - CAMPO FIJO DE DESCRIPCIÓN FÍSICA--INFORMACIÓN GENERAL
campo de control de longitud fija t|
008 - DATOS DE LONGITUD FIJA--INFORMACIÓN GENERAL
campo de control de longitud fija 070214s1958 sp r ||||0| spa d
100 1# - ENTRADA PRINCIPAL--NOMBRE DE PERSONA
Nombre de persona Protón.
9 (RLIN) 94045
245 10 - MENCIÓN DEL TÍTULO
Título Instrumentos del cuadro de distribución
Resto del título : manual práctico para ingenieros, constructores de centrales y técnicos electricistas /
Mención de responsabilidad, etc. por `Protón` ; traducción del inglés de J. Savé.
250 ## - MENCION DE EDICION
Mención de edición 1ª ed.
260 ## - PUBLICACIÓN, DISTRIBUCIÓN, ETC.
Lugar de publicación, distribución, etc. Barcelona :
Nombre del editor, distribuidor, etc. Dalmau y Jover,
Fecha de publicación, distribución, etc. 1958.
300 ## - DESCRIPCIÓN FÍSICA
Extensión 191 p :
Otras características físicas il ;
Dimensiones 22 cm.
700 1# - ENTRADA AGREGADA--NOMBRE PERSONAL
Nombre de persona Savé, José.
9 (RLIN) 104061
852 ## - LOCALIZACIÓN
Ubicación ES-MaACL
Número de control de estantería C-16048
Sublocalización o colección R.43686
Holdings
Estatus retirado Estado de pérdida Estado de daño No para préstamo Biblioteca de origen Biblioteca actual Ubicación en estantería Fecha de adquisición Fuente de adquisición Total de préstamos Signatura topográfica completa Código de barras Visto por última vez Precio de reemplazo Tipo de ítem Koha
        Biblioteca del Ateneo de Madrid Biblioteca del Ateneo de Madrid Ficheros 17/01/2008     C-16048 1128212 23/02/2023 23/02/2023 Libro impreso